[Event "Cali Region-ch"]
[Site "Cali"]
[Date "2017.04.29"]
[Round "2"]
[White "Rengifo Astudillo, Carlos Alberto"]
[Black "Castro, Kevin"]
[Result "1-0"]
[WhiteElo "1519"]
[BlackElo "1556"]
[PlyCount "49"]
[EventDate "2017.04.28"]
[EventType "swiss"]
[EventRounds "7"]
[EventCountry "COL"]
[SourceTitle "CBM 178 Extra"]
[Source "ChessBase"]
[SourceDate "2017.06.22"]
[SourceVersion "1"]
[SourceVersionDate "2017.06.22"]
[SourceQuality "1"]

1. e4 g6 2. Nf3 Bg7 3. d4 d6 4. Bc4 Nd7 5. Bxf7+ Kxf7 6. Ng5+ Ke8 7. Ne6 Ngf6 8. Nxd8 Kxd8 9. Nc3 e5 10. d5 Ke7 11. 0-0 Kf7 12. f4 exf4 13. Bxf4 Nc5 14. e5 dxe5 15. Bxe5 Re8 16. Bxf6 Bxf6 17. Qf3 Nd7 18. Ne4 Kg7 19. Nxf6 Rf8 20. Ne8+ Kg8 21. Qe4 Nc5 22. Rxf8+ Kxf8 23. Rf1+ Kg8 24. Qe7 Kh8 25. Qg7# 1-0